000
00272nam a2200085Ia 4500
245
0
_a
Business communication in perspective
100
_a
RUDANSKY-KLOPPERS, Sharon Claremont, South Africa, [c.2002]
_9
85160
942
_c
BK
008
210817s9999 xx 000 0 und d
999
_c
316859
_d
316858